| 000 | 00659nam a2200193 i 4500 | ||
|---|---|---|---|
| 001 | 26919 | ||
| 003 | ES-MaACL | ||
| 005 | 20250415205706.0 | ||
| 007 | t| | ||
| 008 | 030113s1969 sp ||||1| spa d | ||
| 100 | 1 |
_aAsdrubali, Mario. _923555 |
|
| 245 | 1 | 4 |
_aLos mataderos _b: construcción, gestión, aspectos sanitarios / _cMario Asdrubali, Alberto Stradelli ; traducido por A. de Juana Sardon. |
| 260 |
_aZaragoza : _bAcribia, _c[1969] |
||
| 300 |
_aX, 267 p. : _bil. ; _c24 cm. |
||
| 700 | 1 |
_aStradelli, Alberto. _9108359 |
|
| 700 | 1 |
_aJuana Sardón, Amalio de, _d1921-2024 _9240058 |
|
| 852 |
_aES-MaACL _jC-41703 _bR.72210 |
||
| 999 |
_c26919 _d26919 |
||